000 00389nab a22001097u 4500
008 130520b2010 xxu||||| |||| 00| 0 spa d
041 _aspa
100 1 _aNanko-Fernández, Carmen
_982848
245 0 0 _a¡Despierta, Iglesia! Reconfigurar latinamente las teologías del ministerio
_cCarmen Nanko-Fernández
773 0 _tConcilium
_gnº334,2010,págs. 127-142
_x0210-1041
_wRev134
942 _cAR
999 _c412271
_d412271